Những vì sao không tên Thơ
vv
Đã lưu trong:
| Tác giả chính: | |
|---|---|
| Định dạng: | Sách |
| Năm xuất bản: |
Quảng Bình
Hội văn học nghệ thuật
1995
|
| Chủ đề: | |
| Tags: |
Thêm thẻ
Không có thẻ, Hãy là người đầu tiên gắn thẻ bản ghi này!
|
| LEADER | 04248nam a2200397 4500 | ||
|---|---|---|---|
| 082 | |a 895.922134 |b Đ115TH | ||
| 100 | |a Đặng Thị Kim Liên | ||
| 245 | |a Những vì sao không tên |c Đặng Thị Kim Liên |b Thơ | ||
| 260 | |a Quảng Bình |b Hội văn học nghệ thuật |c 1995 | ||
| 300 | |a 52tr. |c 19cm | ||
| 520 | |a vv | ||
| 653 | |a Văn học hiện đại | ||
| 653 | |a Thế kỷ 20 | ||
| 653 | |a Việt Nam | ||
| 653 | |a Thơ | ||
| 942 | |2 ddc |c STK0 | ||
| 999 | |c 3856 |d 3856 | ||
| 952 | |0 0 |1 0 |2 ddc |4 0 |6 895_922134000000000_Đ115TH |7 1 |8 800 |9 39106 |a qbu |b qbu |c D5 |d 2014-12-17 |g 20000 |o 895.922134 Đ115TH |p 3868.C1 |r 0000-00-00 |w 2014-12-17 |y STK0 |0 0 |6 895_922134000000000_Đ115TH | ||
| 952 | |0 0 |1 0 |2 ddc |4 0 |6 895_922134000000000_Đ115TH |7 0 |8 800 |9 39107 |a qbu |b qbu |c D5 |d 2014-12-17 |g 20000 |o 895.922134 Đ115TH |p 3868.C2 |r 0000-00-00 |w 2014-12-17 |y STK0 |0 0 |6 895_922134000000000_Đ115TH | ||
| 952 | |0 0 |1 0 |2 ddc |4 0 |6 895_922134000000000_Đ115TH |7 0 |8 800 |9 39108 |a qbu |b qbu |c D5 |d 2014-12-17 |g 20000 |o 895.922134 Đ115TH |p 3868.C3 |r 0000-00-00 |w 2014-12-17 |y STK0 |0 0 |6 895_922134000000000_Đ115TH | ||
| 952 | |0 0 |1 0 |2 ddc |4 0 |6 895_922134000000000_Đ115TH |7 0 |8 800 |9 39109 |a qbu |b qbu |c D5 |d 2014-12-17 |g 20000 |o 895.922134 Đ115TH |p 3868.C4 |r 0000-00-00 |w 2014-12-17 |y STK0 |0 0 |6 895_922134000000000_Đ115TH | ||
| 952 | |0 0 |1 0 |2 ddc |4 0 |6 895_922134000000000_Đ115TH |7 0 |8 800 |9 39110 |a qbu |b qbu |c D5 |d 2014-12-17 |g 20000 |o 895.922134 Đ115TH |p 3868.C5 |r 0000-00-00 |w 2014-12-17 |y STK0 |0 0 |6 895_922134000000000_Đ115TH | ||
| 952 | |0 0 |1 0 |2 ddc |4 0 |6 895_922134000000000_Đ115TH |7 0 |8 800 |9 39111 |a qbu |b qbu |c D5 |d 2014-12-17 |g 20000 |l 1 |o 895.922134 Đ115TH |p 3868.C6 |r 2018-05-31 |s 2018-05-31 |w 2014-12-17 |y STK0 |0 0 |6 895_922134000000000_Đ115TH | ||
| 952 | |0 0 |1 0 |2 ddc |4 0 |6 895_922134000000000_Đ115TH |7 0 |8 800 |9 39112 |a qbu |b qbu |c D5 |d 2014-12-17 |g 20000 |o 895.922134 Đ115TH |p 3868.C7 |r 0000-00-00 |w 2014-12-17 |y STK0 |0 0 |6 895_922134000000000_Đ115TH | ||
| 952 | |0 0 |1 0 |2 ddc |4 0 |6 895_922134000000000_Đ115TH |7 0 |8 800 |9 39113 |a qbu |b qbu |c D5 |d 2014-12-17 |g 20000 |o 895.922134 Đ115TH |p 3868.C8 |r 0000-00-00 |w 2014-12-17 |y STK0 |0 0 |6 895_922134000000000_Đ115TH | ||
| 952 | |0 0 |1 0 |2 ddc |4 0 |6 895_922134000000000_Đ115TH |7 0 |8 800 |9 39114 |a qbu |b qbu |c D5 |d 2014-12-17 |g 20000 |o 895.922134 Đ115TH |p 3868.C9 |r 0000-00-00 |w 2014-12-17 |y STK0 |0 0 |6 895_922134000000000_Đ115TH | ||
| 952 | |0 0 |1 0 |2 ddc |4 0 |6 895_922134000000000_Đ115TH |7 0 |8 800 |9 39115 |a qbu |b qbu |c D5 |d 2014-12-17 |g 20000 |o 895.922134 Đ115TH |p 3868.C10 |r 0000-00-00 |w 2014-12-17 |y STK0 |0 0 |6 895_922134000000000_Đ115TH | ||
| 952 | |0 0 |1 0 |2 ddc |4 0 |6 895_922134000000000_Đ115TH |7 0 |8 800 |9 39116 |a qbu |b qbu |c D5 |d 2014-12-17 |g 20000 |o 895.922134 Đ115TH |p 3868.C11 |r 0000-00-00 |w 2014-12-17 |y STK0 |0 0 |6 895_922134000000000_Đ115TH | ||
| 952 | |0 0 |1 0 |2 ddc |4 0 |6 895_922134000000000_Đ115TH |7 0 |8 800 |9 39117 |a qbu |b qbu |c D5 |d 2014-12-17 |g 20000 |o 895.922134 Đ115TH |p 3868.C12 |r 0000-00-00 |w 2014-12-17 |y STK0 |0 0 |6 895_922134000000000_Đ115TH | ||
| 952 | |0 0 |1 0 |2 ddc |4 0 |6 895_922134000000000_Đ115TH |7 0 |8 800 |9 39118 |a qbu |b qbu |c D5 |d 2014-12-17 |g 20000 |l 1 |o 895.922134 Đ115TH |p 3868.C13 |r 2017-11-10 |s 2017-10-31 |w 2014-12-17 |y STK0 |0 0 |6 895_922134000000000_Đ115TH | ||
| 952 | |0 0 |1 0 |2 ddc |4 0 |6 895_922134000000000_Đ115TH |7 0 |8 800 |9 39119 |a qbu |b qbu |c D5 |d 2014-12-17 |g 20000 |o 895.922134 Đ115TH |p 3868.C14 |r 0000-00-00 |w 2014-12-17 |y STK0 |0 0 |6 895_922134000000000_Đ115TH | ||
| 952 | |0 0 |1 0 |2 ddc |4 0 |6 895_922134000000000_Đ115TH |7 0 |8 800 |9 39120 |a qbu |b qbu |c D5 |d 2014-12-17 |g 20000 |o 895.922134 Đ115TH |p 3868.C15 |r 0000-00-00 |w 2014-12-17 |y STK0 |0 0 |6 895_922134000000000_Đ115TH | ||
| 952 | |0 0 |1 0 |2 ddc |4 0 |6 895_922134000000000_Đ115TH |7 0 |8 800 |9 39121 |a qbu |b qbu |c D5 |d 2014-12-17 |g 20000 |o 895.922134 Đ115TH |p 3868.C16 |r 0000-00-00 |w 2014-12-17 |y STK0 |0 0 |6 895_922134000000000_Đ115TH | ||
| 952 | |0 0 |1 0 |2 ddc |4 0 |6 895_922134000000000_Đ115TH |7 0 |8 800 |9 39122 |a qbu |b qbu |c D5 |d 2014-12-17 |g 20000 |o 895.922134 Đ115TH |p 3868.C17 |r 0000-00-00 |w 2014-12-17 |y STK0 |0 0 |6 895_922134000000000_Đ115TH | ||
| 952 | |0 0 |1 0 |2 ddc |4 0 |6 895_922134000000000_Đ115TH |7 0 |8 800 |9 39123 |a qbu |b qbu |c D5 |d 2014-12-17 |g 20000 |o 895.922134 Đ115TH |p 3868.C18 |r 0000-00-00 |w 2014-12-17 |y STK0 |0 0 |6 895_922134000000000_Đ115TH | ||
| 952 | |0 0 |1 0 |2 ddc |4 0 |6 895_922134000000000_Đ115TH |7 0 |8 800 |9 39124 |a qbu |b qbu |c D5 |d 2014-12-17 |g 20000 |o 895.922134 Đ115TH |p 3868.C19 |r 0000-00-00 |w 2014-12-17 |y STK0 |0 0 |6 895_922134000000000_Đ115TH | ||